00267nam a2200109Ia 4500008004100000082001300041100001800054245002200072260003700094300000800131650001800139191201s2005 xx 000 0 und d a429bTHO aTHORPE, Edgar 0aObjective English aN.DelhibPearson Educationc2005 a533 aGeneral Books